Research methodology: Methods, techniques, practices (Record no. 396368)

MARC details
000 -LEADER
fixed length control field 00563 a2200205 4500
005 - DATE & TIME
control field 20260401122617.0
008 - FIXED-LENGTH DATA ELEMENTS--GENERAL INFORMATION
fixed length control field 260401b |||||||| |||| 00| 0 eng d
020 ## - ISBN
International Standard Book Number 9789357787215
Price Rs. 460.00
040 ## - CATALOGING SOURCE
Original cataloging agency VIVEKANANDA LIBRARY
082 ## - DDC NUMBER
Classification number 300.72
Book Number S17R
100 ## - MAIN ENTRY--PERSONAL NAME
Personal name Subudhi, Rabi N
245 ## - TITLE STATEMENT
Title Research methodology: Methods, techniques, practices
260 ## - PUBLICATION, DISTRIBUTION, ETC. (IMPRINT)
Name of publisher, distributor, etc Taxmann Publications
Date of publication, distribution, etc 2024
Place of publication, distribution, etc New Delhi
300 ## - PHYSICAL DESCRIPTION
Pages xvii, 305
650 ## - Subject
Subject Social Science
650 ## - Subject
Subject Research Methodology
700 ## - Added Entry Personal Name
Added Entry Personal Name Mishra, Sumita
700 ## - Added Entry Personal Name
Added Entry Personal Name Sahoo, Malabika
942 ## - ADDED ENTRY ELEMENTS (KOHA)
Koha item type Books
Holdings
Withdrawn status Lost status Source of classification or shelving scheme Damaged status Not for loan Location (home branch) Sublocation or collection (holding branch) Shelving location Date acquired Koha issues (times borrowed) Koha full call number Accession No. Koha date last seen Koha item type
    Dewey Decimal Classification     VIVEKANANDA LIBRARY VIVEKANANDA LIBRARY Law Library 23/02/2026   300.72 S17R 378010 23/02/2026 Books
    Dewey Decimal Classification     VIVEKANANDA LIBRARY VIVEKANANDA LIBRARY Law Library 23/02/2026   300.72 S17R 378007 23/02/2026 Books
    Dewey Decimal Classification     VIVEKANANDA LIBRARY VIVEKANANDA LIBRARY Law Library 23/02/2026   300.72 S17R 378008 23/02/2026 Books
    Dewey Decimal Classification     VIVEKANANDA LIBRARY VIVEKANANDA LIBRARY Law Library 23/02/2026   300.72 S17R 378011 23/02/2026 Books
    Dewey Decimal Classification     VIVEKANANDA LIBRARY VIVEKANANDA LIBRARY Law Library 23/02/2026   300.72 S17R 378009 23/02/2026 Books
© Designed and Maintained by Vivekananda Library, MDU Rohtak